| 000 | 00787nas a2200253 4500 | ||
|---|---|---|---|
| 001 | BR9904319 | ||
| 003 | BR-BrBNA | ||
| 005 | 20231205101545.0 | ||
| 007 | ta | ||
| 008 | 230509b bl.|||p| |||| 00| 00por d | ||
| 040 |
_aBR-BrBNA _bpor _cBiblioteca Nacional de Agricultura |
||
| 041 | _a(Pt) | ||
| 072 | _aF60 | ||
| 100 | 1 | _aStamford, T.L.M. | |
| 100 | 1 | _aAraujo, J.M. | |
| 100 | 1 | _aStamford, N.P. | |
| 245 | 1 | _aAtividade enzimatica de microrganismos isolados do jacatupe (Pachyrhizus erosus L. Urban) | |
| 650 | _aJicama | ||
| 650 | _aAtividade Enzimica | ||
| 650 | _aMicrorganismo | ||
| 773 | 0 |
_tCiencia e Tecnologia de Alimentos (Brazil) _xISSN 0101-2061 _g(Oct-Dec 1998), v. 18(4) p. 382-385 _wBR9904319 |
|
| 909 |
_a202311 _bLúcia _c55 _dLúcia Elande |
||
| 942 |
_2AGRIS _n0 _cANA |
||
| 999 |
_c162514 _d162514 |
||